China issues new foreign investment guidelines (Record no. 69717)

MARC details
000 -LEADER
fixed length control field 00877cam a2200205 4500
001 - CONTROL NUMBER
control field WB3809-19
008 - FIXED-LENGTH DATA ELEMENTS--GENERAL INFORMATION
fixed length control field 020306n2002 000 0 eng u
035 ## - SYSTEM CONTROL NUMBER
System control number (Sirsi) u117027
245 ## - TITLE STATEMENT
Title China issues new foreign investment guidelines
260 ## - PUBLICATION, DISTRIBUTION, ETC.
Date of publication, distribution, etc. 2002
490 ## - SERIES STATEMENT
Series statement RICS News Service
Volume/sequential designation 5 March 2002 (1)
520 ## - SUMMARY, ETC.
Summary, etc. China has issued new regulations classifying foreign investment into four categories - encouraged, permitted, restricted and banned, to comply with the country's World Trade Organisation commitments. The regulations take effect on 1 April and replace those issued in 1995. News story from China Internet Information Centre http://www.china.org.cn/english/27772.htm
590 ## - LOCAL NOTE (RLIN)
Local note WB
650 ## - SUBJECT ADDED ENTRY--TOPICAL TERM
Topical term or geographic name entry element CHINA
650 ## - SUBJECT ADDED ENTRY--TOPICAL TERM
Topical term or geographic name entry element FOREIGN INVESTMENT
650 ## - SUBJECT ADDED ENTRY--TOPICAL TERM
Topical term or geographic name entry element REGULATIONS
650 ## - SUBJECT ADDED ENTRY--TOPICAL TERM
Topical term or geographic name entry element WORLD TRADE ORGANISATION
690 ## - LOCAL SUBJECT ADDED ENTRY--TOPICAL TERM (OCLC, RLIN)
Topical term or geographic name as entry element INTERNATIONAL-ASIA
942 ## - ADDED ENTRY ELEMENTS (KOHA)
Suppress in OPAC 0
Holdings
Withdrawn status Lost status Source of classification or shelving scheme Damaged status Not for loan Home library Current library Shelving location Date acquired Total Checkouts Full call number Barcode Date last seen Copy number Price effective from Koha item type
    Dewey Decimal Classification     London London News article 06/03/2002   WB3809-19 117027-1001 06/08/2019 1 06/08/2019 News article